Entry Nombre personal
001 - NÚMERO DE CONTROL
- campo de control: 240950
003 - IDENTIFICADOR DE NÚMERO DE CONTROL
- campo de control: SpMaBN
005 - FECHA Y HORA DE LA ÚLTIMA TRANSACCIÓN
- campo de control: 20250731055200.0
008 - ELEMENTOS DE DATO DE LONGITUD-FIJA
- campo de control de longitud fija: 901120nn aijnnaabn a aaa
016 ## - NÚMERO DE CONTROL DE UNA AGENCIA BIBLIOGRÁFICA NACIONAL
- Número de control del registro: BNE19900122061
024 7# - IDENTIFICADOR DE OTROS ESTÁNDARES
- Número estándar o código: http://viaf.org/viaf/19690197/
- Fuente: viaf
024 7# - IDENTIFICADOR DE OTROS ESTÁNDARES
- Número estándar o código: https://isni.org/isni/0000000108761806
- Fuente: isni
024 7# - IDENTIFICADOR DE OTROS ESTÁNDARES
- Número estándar o código: http://www.wikidata.org/entity/Q3069513
- Fuente: wikidata
040 ## - FUENTE DE CATALOGACIÓN
- Centro catalogador/agencia de origen: SpMaBN
- Lengua de catalogación: spa
- Centro/agencia transcriptor: SpMaBN
- Normas de descripción: rdc
- Convención/Normas de encabezamiento de materia/tesauro: embne
046 ## - FECHAS CON CODIFICACIÓN ESPECIAL
- Fecha de nacimiento: 1926
- Fecha de la muerte: 2020
100 1# - ENCABEZAMIENTO-NOMBRE DE PERSONA
- Nombre de persona: Morán, Fernando,
- Fechas asociadas al nombre: 1926-2020
370 ## - LUGAR ASOCIADO
- Lugar de nacimiento: España, Asturias (Comunidad Autónoma), Avilés
370 ## - LUGAR ASOCIADO
- Lugar de fallecimiento: España, Madrid (Comunidad Autónoma), Madrid
372 ## - CAMPO DE ACTIVIDAD
- Campo de actividad: Ensayos
- Campo de actividad: Novelas
- Fuente del término: tgfbne
373 ## - GRUPO ASOCIADO
- Grupo asociado: Partido Socialista Obrero Español
- Fuente del término: abne
374 ## - OCUPACIÓN
- Ocupación: Diplomáticos
- Ocupación: Escritores
- Ocupación: Políticos
- Ocupación: Ministros
- Fuente del término: embne
375 ## - GÉNERO/SEXO
- Género: Masculino
377 ## - IDIOMA ASOCIADO
- Código del idioma: spa
- Término de lengua/lenguaje: Español
400 1# - TRAZADO DE VÉASE--NOMBRE DE PERSONA
- Nombre de persona: Morán López, Fernando,
- Fechas asociadas al nombre: 1926-2020
670 ## - FUENTE DE DATOS ENCONTRADOS
- Cita de la fuente: El profeta, 1986
670 ## - FUENTE DE DATOS ENCONTRADOS
- Cita de la fuente: Política para gente joven, de Fernando Morán, Ramón Nieto, Anne Serrano, 1992
670 ## - FUENTE DE DATOS ENCONTRADOS
- Cita de la fuente: Agencia española ISBN, 1992
- Información encontrada: (Morán López, Fernando)
670 ## - FUENTE DE DATOS ENCONTRADOS
- Cita de la fuente: Espasa
- Información encontrada: (Morán López, Fernando; político y diplomático español, n. en Avilés en 1926)
670 ## - FUENTE DE DATOS ENCONTRADOS
- Cita de la fuente: Dic. de escritores, 1996
- Información encontrada: (Morán, Fernando; n. Avilés (Asturias), 26-5-1926; diplomático; escribe narrativa)
670 ## - FUENTE DE DATOS ENCONTRADOS
- Cita de la fuente: Martínez Pujalte, Manuel Adolfo. Diplomacia y literatura en España, 1986
- Información encontrada: (Morán López, Fernando; en la actualidad escribe una sección semanal en la revista "Cambio 16" titulada "Los tiempos muertos")
670 ## - FUENTE DE DATOS ENCONTRADOS
- Cita de la fuente: WWW Wikipedia, 24-2-2020
- Información encontrada: (Fernando Morán López; Avilés, 25 de marzo de 1926 - Madrid, 19 de febrero de 2020; diplomático, escritor y político español militante del Partido Socialista Obrero Español. Desempeñó el cargo de ministro de Asuntos Exteriores entre 1982 y 1985)
- Identificador Uniforme de Recursos: https://es.wikipedia.org/wiki/Fernando_Mor%C3%A1n_L%C3%B3pez
